000 00996nam1a22002891i 4500
001 RU\INFOCOMM_322\5000057739
005 20240726232347.0
010 _916260 экз.
_a503000775X
035 _a(NLR Aleph) 011014912
090 _a11043481
_c11043481
100 _a20121113d1989 |||y0rusy50 ba
101 1 _aeng
_crus
102 _aRU
105 _ay z||||
200 1 _aHuman physiology
_e[In 2 vol.]
_fBy E. Babsky, B. Khodorov, G. Kositsky, A. Zubkov
_gEd. by E. B. Babsky, Member of the Ukr. acad. of sciences
205 _a6th print.
210 _aM.
_cMir
_d1989
215 _a2 т.
_d22 см
300 _aВ вып. дан.: Физиология человека / Евгений Борисович Бабский и др.
517 1 _aФизиология человека
606 0 _aФизиология
_2nlr_sh1
620 _aМосква
686 _aЕ903
_2rubbk
801 1 _aRU
_bInfoComm
_c20121113
801 0 _aRU
_bNLR
_gPSBO
852 _aNLR
_jАф01 Д-5/177
942 _cBOOK